000 00886nmc a2200325 a 4500
003 AR-BaBNM
005 20251128210404.0
008 130020s1996 ||||||||||||||000 | spa||
020 _a950-9413-12-7
040 _cAR-BaBNM
100 1 _aMovsichoff, Paulina
245 1 0 _aA la una sale la luna
_bjuegos tradicionales infantiles
250 _a2ยช ed.
260 _aBuenos Aires
_bEdiciones del Sol
_c1996
300 0 _a200 p.
_bil.
490 0 _aBiblioteca de cultura popular
_vv. 8
650 4 _aFOLKLORE
650 4 _aTRADICION ORAL
650 4 _aJUEGOS INFANTILES
650 4 _aJUGUETES
650 4 _aCOSTUMBRES Y TRADICIONES
650 4 _aIDENTIDAD CULTURAL
650 4 _aTRADICION ORAL
650 4 _aANTROPOLOGIA CULTURAL Y SOCIAL
650 4 _aANTOLOGIAS
651 4 _aArgentina
800 1 _aColombres, Adolfo
_edirector
942 _cBK
998 _cMARTIN
999 _c15268
_d15268